[Event "Leiden SB-ch"]
[Site "Leiden"]
[Date "2003.06.03"]
[Round "3"]
[White "Walraven, Maurice"]
[Black "Hoogenboom, Gabri"]
[Result "0-1"]
[WhiteElo "1658"]
[BlackElo "1575"]
[PlyCount "92"]
[EventDate "2003.05.20"]
[EventType "swiss"]
[EventRounds "7"]
[EventCountry "NED"]
[SourceTitle "CBM 095 Extra"]
[Source "ChessBase"]
[SourceDate "2003.09.04"]
[SourceVersion "1"]
[SourceVersionDate "2003.09.04"]
[SourceQuality "1"]

1. f4 d5 2. b3 Nf6 3. e3 Nc6 4. Bb2 e6 5. Nf3 Bd7 6. Be2 Bd6 7. Ne5 0-0 8. 0-0 Bc8 9. Qe1 Nd7 10. Qg3 Bxe5 11. fxe5 a5 12. Ba3 Re8 13. d4 b6 14. c3 Ba6 15. Bxa6 Rxa6 16. Nd2 b5 17. Bb2 f5 18. Nf3 b4 19. Rac1 bxc3 20. Bxc3 Qe7 21. Bb2 Rc8 22. Rf2 Nb4 23. Ba3 c5 24. Bxb4 axb4 25. Rfc2 Rac6 26. Nd2 Nb6 27. Qe1 c4 28. bxc4 dxc4 29. Nb3 c3 30. Nc5 Nd5 31. e4 fxe4 32. Qxe4 Qg5 33. Nxe6 Qe3+ 34. Qxe3 Nxe3 35. Re2 Nxg2 36. Kxg2 Rxe6 37. d5 Rg6+ 38. Kf3 Kf8 39. Re4 Rc5 40. d6 Re6 41. Kf4 g6 42. Rxb4 Rexe5 43. Rb8+ Re8 44. Rb7 g5+ 45. Kg4 Re4+ 46. Kh5 Rh4# 0-1

[Event "Leiden SB-ch"]
[Site "Leiden"]
[Date "2003.05.20"]
[Round "1"]
[White "Walraven, Maurice"]
[Black "Poncin, Peter"]
[Result "0-1"]
[WhiteElo "1658"]
[BlackElo "1974"]
[PlyCount "72"]
[EventDate "2003.05.20"]
[EventType "swiss"]
[EventRounds "7"]
[EventCountry "NED"]
[SourceTitle "CBM 095 Extra"]
[Source "ChessBase"]
[SourceDate "2003.09.04"]
[SourceVersion "1"]
[SourceVersionDate "2003.09.04"]
[SourceQuality "1"]

1. f4 g6 2. Nf3 Bg7 3. e4 c5 4. Nc3 Nc6 5. a3 e6 6. Bb5 Nge7 7. Bxc6 Nxc6 8. 0-0 d6 9. d3 0-0 10. Qe1 Nd4 11. Nxd4 cxd4 12. Ne2 f5 13. Ng3 Bd7 14. Bd2 a5 15. Rc1 Qb6 16. b4 a4 17. Kh1 Bb5 18. Qf2 Rac8 19. c4 Bd7 20. b5 Rf7 21. Bb4 Bf8 22. Rfe1 e5 23. Qd2 fxe4 24. fxe5 e3 25. Qb2 dxe5 26. Rf1 Bf5 27. Ne4 Bxe4 28. Rxf7 Kxf7 29. Rf1+ Kg8 30. dxe4 Bxb4 31. axb4 Rxc4 32. Qa2 Qxb5 33. Rc1 e2 34. Kg1 Kg7 35. Re1 d3 36. Qd2 Qxb4 0-1